000 00517nam a2200181Ia 4500
003 GCL
008 140319s9999 xx 000 0 ara d
040 _aGCL /
_cGCL
082 0 4 _a101
_bا م
100 1 _aالطاهر وعزيز
245 1 0 _aالمناهج الفلسفية /
_cالطاهر وعزيز
260 _a[S.N] :
_bالمركز الثقافى العربى ،
_c1990
300 _a190 ص
490 _a
650 0 4 _aالفلسفة
650 0 4 _aالنظريات الفلسفية
942 _2ddc
_cBK
999 _c55785
_d55785